[Event "Stay Safe Play From Home 173"]
[Site "T#646330Emanuel Laske"]
[Date "2020.05.25"]
[Round "4"]
[White "Lazieri3"]
[Black "DoRuKMaNN"]
[Result "1-0"]
[WhiteElo "2106"]
[BlackElo "1722"]
[Annotator "TA"]
[PlyCount "117"]
[EventDate "2020.05.25"]
[EventType "swiss (blitz)"]

{[%evp 15,116,39,47,16,31,2,20,14,25,0,0,-35,0,-419,0,-17,-21,-24,-15,-93,-88,-229,-235,-229,-239,-229,-186,-408,-253,-492,-72,-67,-44,-41,95,89,88,95,100,24,76,53,63,43,139,129,136,149,153,168,154,105,164,0,204,210,190,0,0,0,1622,248,248,248,248,248,247,247,247,246,29981,29982,29982,29983,29983,29984,29987,29987,29992,29993,29993,29993,29996,29992,29994,29994,29994,29995,29996,29995,29996,29996,29996,29996,29996,29997,29997,29998,29998,29999,29999,29999,29999]} 1. e4 c6 2. Nc3 d5 3. d4 dxe4 4. Nxe4 Bf5 5. Ng3 Bg6 6. Nf3 Nf6 7. Bd3 Nbd7 8. Bxg6 hxg6 9. c3 {B18: Classical Caro-Kann: 4...Bf5 sidelines.} e6 10. Bf4 Be7 11. Qe2 {[#] The position is equal.} O-O $146 ({Predecessor:} 11... Nd5 12. Bd2 Qc7 13. Ne4 Nf4 14. Bxf4 Qxf4 15. h4 O-O-O 16. g3 Qf5 17. O-O-O Nf6 {½-½ (49) Nopin,V (2242)-Myakonikikh,D (2372) ICCF email 2019}) 12. Ne5 c5 13. O-O Nd5 14. dxc5 $2 {[%mdl 8192]} (14. Nxg6 $11 fxg6 15. Qxe6+ Kh8 16. Qh3+ Kg8 17. Qe6+ Kh7 18. Qh3+ Kg8 19. Qe6+) 14... Nxc5 $2 (14... Nxf4 $19 15. Qe4 Nxe5 16. Qxf4 Nd3) 15. Be3 Nxe3 16. Qxe3 Qb6 17. b4 (17. Ne4 $11) 17... Na4 $17 18. Nd7 (18. Ne4 $17 {keeps fighting.}) 18... Qxe3 $19 19. fxe3 Rfc8 20. Ne5 Nxc3 21. Rac1 $2 (21. Nxf7 a5 22. bxa5) 21... Nd5 22. Nxf7 $2 (22. Ne4) 22... Rf8 $2 (22... Rxc1 $19 {and Black stays clearly on top.} 23. Rxc1 Kxf7) 23. Ne5 $17 Rxf1+ (23... Bg5 {with more complications.} 24. Rxf8+ Rxf8 25. Nf1 Nxe3 26. Nf3 Bf4) 24. Nxf1 Rf8 (24... Bxb4 $15 {keeps the upper hand.} 25. Nxg6 Ba5) 25. Nxg6 $16 Rf7 26. Nxe7+ Rxe7 {[%mdl 4096] Endgame KRN-KRN} 27. b5 ({White should play} 27. a3 $16) 27... b6 (27... Rc7 $11 {keeps the balance.} 28. Rxc7 Nxc7) 28. e4 Nf6 29. e5 Ne8 (29... Ne4 $14) 30. Ne3 Nc7 31. a4 $1 Nd5 32. Nxd5 exd5 {KR-KR} 33. Re1 Kf7 {[#]} (33... Re6 $16 {is a better defense.}) 34. Kf2 $2 (34. e6+ $1 $18 Rxe6 35. Kf2) 34... Kg6 $2 (34... Ke6 $11 {and Black has nothing to worry.}) 35. Kf3 $18 Kf5 {[#]} 36. g4+ $2 ({White has to play} 36. e6 $1 $18) 36... Ke6 $11 37. Ke3 Kxe5 $2 {[%mdl 8192]} (37... Rc7 $11) 38. Kd3+ $2 (38. Kf3+ Kd6 39. Rxe7 Kxe7 40. h4) 38... Kd6 $18 39. Rxe7 Kxe7 {KP-KP} 40. Kd4 Kd6 {And now ...g5 would win.} 41. h4 Ke6 42. h5 {aiming for g5.} Kd6 $2 (42... Kf6 $18) 43. g5 {White mates.} Ke6 44. h6 gxh6 45. gxh6 {K3P-K3P} Kf5 46. h7 Kg4 47. h8=Q Kf3 48. Kxd5 Ke2 49. Qa8 Kd1 50. Qxa7 Kc2 51. Qxb6 Kb2 52. Qc5 Kb1 53. b6 Ka2 54. a5 Kb3 55. a6 Kb2 56. b7 Ka1 57. b8=Q {[%cal Rc5a5]} Ka2 58. a7 {[%cal Ra7a8]} Ka1 59. a8=Q# {Never resign too early! Accuracy: White = 41%, Black = 52%.} 1-0

[Event "Stay Safe Play From Home 173"]
[Site "T#646330Emanuel Laske"]
[Date "2020.05.25"]
[Round "4"]
[White "Archi-ak"]
[Black "Mepe_Nika"]
[Result "0-1"]
[WhiteElo "2087"]
[BlackElo "2220"]
[Annotator "TA"]
[PlyCount "144"]
[EventDate "2020.05.25"]
[EventType "swiss (blitz)"]

{[%evp 12,143,25,0,0,2,12,7,63,-8,-20,-28,-18,-114,-52,-93,-35,-48,-39,-56,-46,-170,-143,-248,-228,-254,-247,-280,-288,-264,-283,-266,-220,-530,-529,-533,-484,-562,-560,-545,-519,-564,-392,-402,-391,-403,-388,-384,-352,-401,-376,-373,-375,-402,-416,-439,-412,-513,-511,-725,-534,-1094,-1071,-1061,-1026,-5088,-4351,-2763,-2365,-2123,-964,-964,-939,-1743,-1814,-1336,-1192,-1192,-1112,-29980,-29981,-29980,-29979,-29980,-29981,-29980,-29981,-29982,-29982,-29982,-29983,-29983,-29983,-29983,-29984,-29986,-29986,-29987,-29988,-29988,-29989,-29989,-29986,-29987,-29988,-29988,-29988,-29988,-29989,-29989,-29990,-29990,-29989,-29990,-29990,-29991,-29991,-29991,-29992,-29993,-29992,-29993,-29994,-29994,-29995,-29995,-29996,-29996,-29995,-29998,-29998,-29998,-29999,-29999]} 1. Nf3 Nf6 2. g3 d5 3. Bg2 c6 4. O-O Bf5 5. d3 e6 6. Nbd2 h6 7. c3 Nbd7 {A07: Réti Opening: New York and Capablanca Systems.} 8. Re1 Be7 9. e4 Bh7 (9... Bg4 $11) 10. Qc2 (10. e5 $1 $14) 10... O-O $11 {[#]} 11. Nf1 $146 ({Predecessor:} 11. b4 a5 12. e5 Ne8 13. bxa5 Nc5 14. Bf1 Rxa5 15. Nb3 Ra8 16. Nxc5 Bxc5 17. Qe2 {0-1 (34) Trueman,F (1466)-Kernetsky,M (1902) Winnipeg 2008}) 11... a5 12. Nh4 (12. e5 $11 Ne8 13. Qe2) 12... b5 (12... dxe4 $17 13. dxe4 Nc5) 13. f4 Nb6 ({Black should try} 13... dxe4 $17 14. dxe4 Qb6+ 15. Kh1 Rfd8) 14. e5 $15 Nfd7 15. Nf3 c5 16. b3 {White does not recover from this.} (16. Qe2 $15) 16... a4 17. Bb2 (17. Be3 $17) 17... axb3 $19 18. axb3 c4 19. bxc4 bxc4 ({Not} 19... dxc4 20. Rxa8 Qxa8 21. Qf2 $17) 20. Rxa8 Qxa8 21. Ra1 Qc6 ({Resist} 21... Bxd3 22. Qc1 $17) 22. Ne1 $2 {[#]} (22. Nd4 Qb7 23. Nd2) 22... cxd3 23. Nxd3 Qc4 24. Nd2 Qxd3 25. Qxd3 Bxd3 26. Kf2 Ra8 27. Rxa8+ Nxa8 28. Ke3 Bc2 29. c4 Bc5+ 30. Ke2 Nab6 31. cxd5 Nxd5 32. Nc4 N7b6 33. Nxb6 Nxb6 34. Kd2 Bf5 35. h3 h5 36. Bf3 Nc4+ {[%mdl 64] [#] Double Attack} 37. Kc3 Nxb2 38. Kxb2 g6 39. g4 hxg4 40. hxg4 Bd3 41. Kc3 Ba6 42. Be4 Be3 43. f5 Kg7 44. fxg6 fxg6 45. Bd3 Bxd3 {Black mates.} 46. Kxd3 {[%mdl 4096] Endgame KB-KPP} Bg5 47. Ke4 Kf7 48. Kd4 Ke7 49. Kc5 Kd7 50. Kc4 Kc6 51. Kd4 Bc1 52. Ke4 Kc5 53. Kf3 Kd5 54. Kg3 Kxe5 {KB-KP} 55. Kf3 g5 56. Ke2 Kf4 57. Kd1 Be3 58. Kc2 Bb6 59. Kd1 Kxg4 60. Ke2 Kf4 61. Kd3 e5 62. Ke2 e4 63. Kf1 g4 64. Ke2 g3 65. Kf1 Kf3 66. Ke1 g2 67. Kd2 g1=Q 68. Kc2 Qd4 69. Kb3 Qc5 70. Ka2 Qb4 71. Ka1 Bd4+ 72. Ka2 Qb2# {Accuracy: White = 43%, Black = 73%.} 0-1

[Event "Stay Safe Play From Home 173"]
[Site "T#646330Emanuel Laske"]
[Date "2020.05.25"]
[Round "4"]
[White "Haxhi Baha"]
[Black "Don59as"]
[Result "0-1"]
[WhiteElo "2005"]
[BlackElo "1943"]
[Annotator "NA"]
[PlyCount "126"]
[EventDate "2020.05.25"]
[EventType "swiss (blitz)"]

1. e4 {[%emt 0:00:01]} e5 {[%emt 0:00:01]} 2. Nf3 {[%emt 0:00:01]} Nc6 {[%emt 0:00:01]} 3. Bc4 {[%emt 0:00:01]} d6 {[%emt 0:00:01]} 4. b4 {[%emt 0:00:01]} Nxb4 {[%emt 0:00:04]} 5. c3 {[%emt 0:00:00]} Nc6 {[%emt 0:00:01]} 6. d4 {[%emt 0:00:00]} exd4 {[%emt 0:00:01]} 7. cxd4 {[%emt 0:00:00]} Nf6 {[%emt 0:00:01]} 8. Bg5 {[%emt 0:00:02]} Be7 {[%emt 0:00:01]} 9. Nbd2 {[%emt 0:00:01]} O-O {[%emt 0:00:01]} 10. O-O {[%emt 0:00:00]} h6 {[%emt 0:00:01]} 11. Bf4 {[%emt 0:00:01]} d5 {[%emt 0:00:01]} 12. exd5 {[%emt 0:00:01]} Nxd5 {[%emt 0:00:01]} 13. Bg3 {[%emt 0:00:00]} Nb6 {[%emt 0:00:03]} 14. Bb3 {[%emt 0:00:01]} Nxd4 {[%emt 0:00:03]} 15. Nxd4 {[%emt 0:00:02]} Qxd4 {[%emt 0:00:01]} 16. Qe2 {[%emt 0:00:01]} Bf6 {[%emt 0:00:03]} 17. Nf3 {[%emt 0:00:01]} Qd8 {[%emt 0:00:04]} 18. Rad1 {[%emt 0:00:02]} Bd7 {[%emt 0:00:01]} 19. Qc2 {[%emt 0:00:02]} c6 {[%emt 0:00:02]} 20. Ne5 {[%emt 0:00:01]} Bxe5 {[%emt 0:00:01]} 21. Bxe5 {[%emt 0:00:00]} Qg5 {[%emt 0:00:02]} 22. f4 {[%emt 0:00:02]} Qg4 {[%emt 0:00:03]} 23. Rd2 {[%emt 0:00:03]} Bf5 {[%emt 0:00:01]} 24. Qc3 {[%emt 0:00:01]} Rad8 {[%emt 0:00:02]} 25. h3 {[%emt 0:00:01]} Qg6 {[%emt 0:00:02]} 26. Kh2 {[%emt 0:00:03]} Nd5 {[%emt 0:00:03]} 27. Qg3 {[%emt 0:00:03]} Qxg3+ {[%emt 0:00:02]} 28. Kxg3 {[%emt 0:00:00]} Ne3 {[%emt 0:00:01]} 29. Rff2 {[%emt 0:00:03]} Rxd2 {[%emt 0:00:02]} 30. Rxd2 {[%emt 0:00:00]} Nf1+ {[%emt 0:00:00]} 31. Kf2 {[%emt 0:00:03]} Nxd2 {[%emt 0:00:00]} 32. Bd1 {[%emt 0:00:02]} Ne4+ {[%emt 0:00:01]} 33. Ke3 {[%emt 0:00:01]} Rd8 {[%emt 0:00:00]} 34. Bf3 {[%emt 0:00:01]} Nf6 {[%emt 0:00:01]} 35. g4 {[%emt 0:00:01]} Be6 {[%emt 0:00:00]} 36. f5 {[%emt 0:00:01]} Nd5+ {[%emt 0:00:00]} 37. Kf2 {[%emt 0:00:02]} Bc8 {[%emt 0:00:01]} 38. Be4 {[%emt 0:00:00]} Re8 {[%emt 0:00:00]} 39. Bxd5 {[%emt 0:00:02]} Rxe5 {[%emt 0:00:00]} 40. Bf3 {[%emt 0:00:02]} g6 {[%emt 0:00:00]} 41. f6 {[%emt 0:00:02]} g5 {[%emt 0:00:01]} 42. h4 {[%emt 0:00:01]} Be6 {[%emt 0:00:00]} 43. hxg5 {[%emt 0:00:01]} hxg5 {[%emt 0:00:00]} 44. Kg3 {[%emt 0:00:00]} Ra5 {[%emt 0:00:00]} 45. Kf2 {[%emt 0:00:00]} Rxa2+ {[%emt 0:00:00]} 46. Ke3 {[%emt 0:00:00]} Ra3+ {[%emt 0:00:00]} 47. Kf2 {[%emt 0:00:01]} Rxf3+ {[%emt 0:00:00]} 48. Kxf3 {[%emt 0:00:00]} Kh7 {[%emt 0:00:00]} 49. Kg3 {[%emt 0:00:00]} Kg6 {[%emt 0:00:00]} 50. Kf3 {[%emt 0:00:00]} Kxf6 {[%emt 0:00:00]} 51. Kg3 {[%emt 0:00:00]} Bxg4 {[%emt 0:00:00]} 52. Kxg4 {[%emt 0:00:01]} a5 {[%emt 0:00:00]} 53. Kg3 {[%emt 0:00:00]} a4 {[%emt 0:00:00]} 54. Kf3 {[%emt 0:00:00]} a3 {[%emt 0:00:00]} 55. Ke3 {[%emt 0:00:00]} a2 {[%emt 0:00:00]} 56. Ke4 {[%emt 0:00:00]} a1=Q {[%emt 0:00:00]} 57. Kd3 {[%emt 0:00:01]} Qe5 {[%emt 0:00:00]} 58. Kc4 {[%emt 0:00:00]} g4 {[%emt 0:00:00]} 59. Kd3 {[%emt 0:00:00]} g3 {[%emt 0:00:00]} 60. Kd2 {[%emt 0:00:00]} g2 {[%emt 0:00:00]} 61. Kc2 {[%emt 0:00:00]} g1=Q {[%emt 0:00:00]} 62. Kb3 {[%emt 0:00:00]} Qg4 {[%emt 0:00:00]} 63. Kc2 {[%emt 0:00:01]} Qe3 {[%emt 0:00:00] Time (Lag: Av=0.81s, max=1.3s) .} 0-1

[Event "Stay Safe Play From Home 173"]
[Site "T#646330Emanuel Laske"]
[Date "2020.05.25"]
[Round "4"]
[White "SecantFX"]
[Black "praveen prasad"]
[Result "0-1"]
[WhiteElo "1895"]
[BlackElo "2295"]
[Annotator "TA"]
[PlyCount "66"]
[EventDate "2020.05.25"]
[EventType "swiss (blitz)"]

{[%evp 9,65,3,18,-29,-3,-132,-136,-183,-86,-112,-79,-86,-56,-62,-55,-145,-147,-177,-60,-200,-95,-1129,-1125,-1155,-1201,-1228,-1125,-1446,-1411,-1425,-1396,-1537,-1512,-1694,-1662,-1920,-1895,-2281,-2239,-2714,-2568,-2620,-2598,-29989,-1968,-29992,-29991,-29992,-29993,-29993,-29994,-29994,-29995,-29997,-29998,-29998,-29999,-29999]} 1. g3 d5 2. Bg2 c6 3. f4 g6 4. Nf3 Bg7 5. d3 Nd7 6. c3 {A03: Bird's Opening with 1...d5.} e5 {[#]} 7. d4 $146 (7. fxe5 $11 {remains equal.} Nxe5 8. Nxe5 Bxe5 9. Nd2) ({Predecessor:} 7. Qc2 Qe7 8. fxe5 Nxe5 9. O-O h5 10. Nxe5 Bxe5 11. d4 Bc7 12. e4 h4 13. e5 hxg3 14. hxg3 {0-1 (62) Fernandez,D (2371)-Amin,B (2578) Khanty-Mansiysk 2010}) 7... e4 $1 $17 {[%cal Re4f3]} 8. Ne5 {Black is clearly better.} f6 (8... Nb6 $1 $19 {And now ...f6 would win.} 9. h3 Nh6) 9. Ng4 Nb6 10. Nf2 Qe7 11. e3 h5 12. h4 (12. b3 $15) 12... Nh6 13. b3 Ng4 (13... Nf5 $19 14. Rh3 Be6) 14. Ba3 ({Better is} 14. a4 $15) 14... Qf7 (14... Nxe3 $19 {and Black stays clearly on top.} 15. Bxe7 Nxd1 16. Nxd1 Kxe7) 15. Kf1 $2 {[%mdl 8192]} (15. Qd2 $17) 15... Nxe3+ $19 {[%mdl 64] Double Attack} 16. Ke2 Nxd1 17. Kxd1 Bf8 18. Kd2 Bxa3 19. Nxa3 {[#]} e3+ $1 {[%mdl 64] Decoy} 20. Kxe3 Qe7+ {[%mdl 64] Double Attack} 21. Kd2 Qxa3 22. Rhe1+ Kf7 {...Qb2+ is the strong threat.} 23. Nd3 Bf5 24. Re2 Bxd3 25. Kxd3 Rhe8 {( -> ...Qa6+)} 26. Rd2 {[#]} Qa6+ (26... Nc4 $142 $1 27. bxc4 dxc4+ 28. Kc2 {[#]} Re3 $1 {[%mdl 576] Double Attack} 29. Kd1 Rae8 30. Bxc6 bxc6 31. Rb1 Re1+ 32. Kc2 Qxa2+ {[%mdl 64] Double Attack} 33. Rb2 Qa4+ 34. Rb3 Qxb3#) 27. c4 dxc4+ {Black mates.} 28. Kc3 Re3+ 29. Kb2 c3+ {[%mdl 64] Double Attack} 30. Kc2 cxd2 31. Kxd2 Qd3+ 32. Kc1 Qc3+ {[%mdl 64] Double Attack} 33. Kd1 Re1# {Accuracy: White =  9%, Black = 37%.} 0-1

[Event "Stay Safe Play From Home 173"]
[Site "T#646330Emanuel Laske"]
[Date "2020.05.25"]
[Round "4"]
[White "Fischer_11"]
[Black "Trotsky"]
[Result "1-0"]
[WhiteElo "1870"]
[BlackElo "1516"]
[Annotator "NA"]
[PlyCount "53"]
[EventDate "2020.05.25"]
[EventType "swiss (blitz)"]

1. e4 {[%emt 0:00:01]} c5 {[%emt 0:00:01]} 2. d4 {[%emt 0:00:00]} e6 {[%emt 0:00:01]} 3. c3 {[%emt 0:00:00]} d5 {[%emt 0:00:01]} 4. exd5 {[%emt 0:00:00]} exd5 {[%emt 0:00:01]} 5. Be3 {[%emt 0:00:00]} c4 {[%emt 0:00:02]} 6. b3 {[%emt 0:00:00]} Be6 {[%emt 0:00:01]} 7. Nd2 {[%emt 0:00:03]} Nc6 {[%emt 0:00:01]} 8. bxc4 {[%emt 0:00:01]} Bd6 {[%emt 0:00:01]} 9. cxd5 {[%emt 0:00:01]} Bxd5 {[%emt 0:00:01]} 10. Ngf3 {[%emt 0:00:01]} Nf6 {[%emt 0:00:01]} 11. c4 {[%emt 0:00:00]} Be6 {[%emt 0:00:05]} 12. d5 {[%emt 0:00:01]} Bxd5 {[%emt 0:00:02]} 13. cxd5 {[%emt 0:00:01]} Nxd5 {[%emt 0:00:01]} 14. Be2 {[%emt 0:00:02]} Qc7 {[%emt 0:00:01]} 15. O-O {[%emt 0:00:02]} O-O-O {[%emt 0:00:01]} 16. Nc4 {[%emt 0:00:01]} Nf6 {[%emt 0:00:01]} 17. Nxd6+ {[%emt 0:00:02]} Kb8 {[%emt 0:00:05]} 18. Nb5 {[%emt 0:00:07]} Qc8 {[%emt 0:00:07]} 19. Qa4 {[%emt 0:00:02]} Ng4 {[%emt 0:00:05]} 20. Nxa7 {[%emt 0:00:02]} Qc7 {[%emt 0:00:03]} 21. Nxc6+ {[%emt 0:00:03]} bxc6 {[%emt 0:00:01]} 22. Rab1+ {[%emt 0:00:01]} Kc8 {[%emt 0:00:02]} 23. Qa8+ {[%emt 0:00:02]} Kd7 {[%emt 0:00:01]} 24. Rfd1+ {[%emt 0:00:01]} Ke7 {[%emt 0:00:02]} 25. Bc5+ {[%emt 0:00:03]} Kf6 {[%emt 0:00:01]} 26. Rxd8 {[%emt 0:00:04]} Qxh2+ {[%emt 0:00:02]} 27. Nxh2 {[%emt 0:00:02] Trotsky Ñäàåòñÿ (Lag: Av=0.26s, max=0.6s)} 1-0

[Event "Stay Safe Play From Home 173"]
[Site "T#646330Emanuel Laske"]
[Date "2020.05.25"]
[Round "4"]
[White "Tunca"]
[Black "UHU4"]
[Result "1-0"]
[WhiteElo "1830"]
[BlackElo "1479"]
[Annotator "NA RC"]
[PlyCount "57"]
[EventDate "2020.05.25"]
[EventType "swiss (blitz)"]

1. e4 {[%emt 0:00:01]} d5 {[%emt 0:00:04]} 2. exd5 {[%emt 0:00:01]} Qxd5 {[%emt 0:00:03]} 3. Nc3 {[%emt 0:00:01]} Qa5 {[%emt 0:00:01]} 4. d4 {[%emt 0:00:01]} c6 {[%emt 0:00:01]} 5. Bc4 {[%emt 0:00:02]} Nf6 {[%emt 0:00:01]} 6. Nf3 {[%emt 0:00:01]} Bg4 {[%emt 0:00:01]} 7. h3 {[%emt 0:00:04]} Qh5 {[%emt 0:00:03]} 8. Bf4 {[%emt 0:00:03]} Nbd7 {[%emt 0:00:01]} 9. Be2 {[%emt 0:00:05]} e6 {[%emt 0:00:03]} 10. Qd2 {[%emt 0:00:03]} Bxf3 {[%emt 0:00:01]} 11. Bxf3 {[%emt 0:00:01]} Qa5 {[%emt 0:00:01]} 12. O-O {[%emt 0:00:02]} Bb4 {[%emt 0:00:01]} 13. Rfe1 {[%emt 0:00:02]} O-O {[%emt 0:00:02]} 14. Qd3 {[%emt 0:00:02]} Nb6 {[%emt 0:00:04]} 15. a3 {[%emt 0:00:02]} Bxc3 {[%emt 0:00:03]} 16. bxc3 {[%emt 0:00:00]} Nbd5 {[%emt 0:00:01]} 17. Bd2 {[%emt 0:00:00]} Qc7 {[%emt 0:00:07]} 18. c4 {[%emt 0:00:01]} Nf4 {[%emt 0:00:03]} 19. Qe4 {[%emt 0:00:01]} Ng6 {[%emt 0:00:02]} 20. Qe2 {[%emt 0:00:03]} Rad8 {[%emt 0:00:02]} 21. Bc3 {[%emt 0:00:01]} c5 {[%emt 0:00:01]} 22. d5 {[%emt 0:00:04]} exd5 {[%emt 0:00:01]} 23. Bxf6 {[%emt 0:00:00]} gxf6 {[%emt 0:00:02]} 24. Bxd5 {[%emt 0:00:00]} Rxd5 {[%emt 0:00:01]} 25. cxd5 {[%emt 0:00:01]} Qd6 {[%emt 0:00:01]} 26. Rad1 {[%emt 0:00:03]} Rd8 {[%emt 0:00:02]} 27. Qb5 {[%emt 0:00:02]} Kg7 {[%emt 0:00:01]} 28. Qxb7 {[%emt 0:00:02]} Nf4 {[%emt 0:00:02]} 29. Qc6 {[%emt 0:00:03] Tiempo (Lag: Av=0.50s, max=1.0s)} 1-0

[Event "Stay Safe Play From Home 173"]
[Site "T#646330Emanuel Laske"]
[Date "2020.05.25"]
[Round "4"]
[White "matanant"]
[Black "The Next Contender"]
[Result "0-1"]
[WhiteElo "1645"]
[BlackElo "1929"]
[Annotator "TA"]
[PlyCount "94"]
[EventDate "2020.05.25"]
[EventType "swiss (blitz)"]

{[%evp 9,94,-17,10,-6,-2,-29,-30,-34,-20,-32,-27,-29,-31,-37,-38,-35,-25,-33,-32,-30,56,38,32,33,40,-17,8,-429,-442,-446,-428,-442,-423,-449,-433,-446,-445,-586,-580,-569,-566,-561,-557,-525,-77,-78,0,-112,-114,-120,-99,-97,-103,-103,-91,-95,-86,-116,-85,-102,0,-119,-95,-142,0,-168,-155,-155,-136,-139,0,-143,-123,-168,-141,-168,-168,-168,-133,-168,-168,-440,-429,-431,-414,-484,-381]} 1. b3 d5 2. Bb2 c5 3. e3 e6 4. f4 Nf6 5. Nf3 g6 {[#]} 6. a4 $146 {A03: Bird's Opening with 1...d5.} ({Predecessor:} 6. Bb5+ Bd7 7. Bxd7+ Nbxd7 8. O-O Bg7 9. d3 O-O 10. Ne5 Rc8 11. c4 Nxe5 12. Bxe5 dxc4 13. bxc4 {1-0 (25) Becker,P (1851)-Eull,E (1167) Schoeneck 2017}) 6... Bg7 7. h3 O-O 8. Be2 {Black has an edge.} Ne4 9. Bxg7 Kxg7 10. O-O Qf6 11. Na3 Ng3 12. Re1 Nxe2+ 13. Rxe2 Nc6 14. Nb5 e5 (14... b6 $11) 15. fxe5 Nxe5 16. Nxe5 Qxe5 17. Rf2 (17. d4 $14 Qe7 18. dxc5) 17... Qg3 18. Nc7 $2 {[%mdl 8192]} (18. Rf3 $11 Qb8 19. d4) 18... Qxc7 $19 19. d3 Qg3 20. Rf3 Qg5 21. Qe2 Be6 22. Raf1 Rae8 23. e4 dxe4 24. dxe4 {[#]} c4 $1 25. Qf2 (25. bxc4 Rc8) 25... cxb3 26. cxb3 Bxb3 $2 (26... b6 $19 27. Re1 Qe5) 27. Rxb3 $17 {[#]} Rxe4 (27... b6 $1 $17 28. Rb5 Qe7) 28. Qb2+ (28. Rxb7 $11 Rxa4 29. Rxf7+ Rxf7 30. Qxf7+ Kh6 31. Qf8+ Kh5 32. Qf3+ Kh6 33. Qf8+ Kh5 34. Qf3+ Kh6 35. Qf8+) 28... Kg8 29. Rxb7 Re7 30. Rxe7 Qxe7 {[%mdl 4096] Endgame KQR-KQR} 31. Qf6 Qc5+ 32. Kh1 Qc4 33. a5 Qb5 34. a6 Qc4 (34... Qb8 $17) 35. Ra1 (35. Re1 $11 {keeps the balance.}) 35... Rc8 $36 {[%mdl 2048] Black is really pushing.} 36. Qb2 Rc6 ({Black should try} 36... Qc3 $17 37. Qxc3 Rxc3) 37. Qa2 $2 (37. Qb8+ $11 {and White stays safe.} Kg7 38. Qxa7) 37... Qxa2 38. Rxa2 $19 {KR-KR} Rc1+ 39. Kh2 Rc6 ({Black should play} 39... h5 $17 40. Kg3 Rc4) 40. Kg3 (40. Kh1 $1 $11 {was the only way to keep the balance.}) 40... h5 41. Kf4 Kg7 42. Ke5 Rc5+ 43. Kd6 Rb5 44. Kc6 Rb6+ 45. Kc7 $2 (45. Kc5) 45... f6 46. Ra4 g5 47. g4 Kg6 {Accuracy: White = 45%, Black = 69%.} 0-1

[Event "Stay Safe Play From Home 173"]
[Site "T#646330Emanuel Laske"]
[Date "2020.05.25"]
[Round "4"]
[White "Tobo Rubirosa"]
[Black "Lucknow"]
[Result "0-1"]
[WhiteElo "1533"]
[BlackElo "1903"]
[Annotator "TA"]
[PlyCount "102"]
[EventDate "2020.05.25"]
[EventType "swiss (blitz)"]

{[%evp 27,102,58,58,58,61,58,58,58,58,59,61,2,5,14,22,12,30,20,66,31,67,-46,-45,-55,-59,-152,-157,-143,-11,-140,0,-79,-85,-170,-180,-155,-116,-128,-38,-97,150,165,164,157,163,150,139,125,104,0,0,-100,-100,-100,-100,-101,0,0,0,-278,0,-279,-275,-512,-487,-2614,-2395,-6420,-6013,-6536,-6319,-3488,-2195,-2282,-2286,-1951,-2177]} 1. Nf3 d5 2. d4 c6 3. c4 e6 4. Qc2 Nf6 5. g3 Be7 6. Bg2 Nbd7 7. O-O O-O 8. Rd1 b6 9. b3 Bb7 10. Nc3 Rc8 11. e4 dxe4 12. Nxe4 Nxe4 13. Qxe4 Nf6 14. Qe2 Qc7 15. Bf4 {E08: Closed Catalan: Main Line: 7 Qc2.} Bd6 16. Bxd6 Qxd6 17. Ne5 {White is slightly better.} Rfd8 18. Rac1 {[#]} Qc7 $146 ({Predecessor:} 18... Qe7 19. f4 g6 20. Bf3 Ne8 21. Qg2 Qc7 22. Rd2 Nd6 23. Rcd1 Nf5 24. Qf2 Kg7 {1-0 (73) Cheong,S (1536)-Sajjapornthep,J (1856) Pattaya 2019}) 19. Ng4 (19. Qe3 $14) 19... Nxg4 $11 20. Qxg4 Qe7 21. Qe4 Ba8 22. Qe5 Qf6 23. f4 Kf8 24. f5 ({Better is} 24. c5 $14) 24... Qxe5 25. dxe5 exf5 26. Rd6 ({White should play} 26. c5 $15) 26... Rxd6 27. exd6 $17 {[%mdl 4096] Endgame KRB-KRB} Rd8 (27... c5 $1 $17 28. Rd1 Bxg2 29. Kxg2 f6) 28. Rd1 (28. c5 $11) 28... Ke8 (28... c5 $1 $17 29. Bxa8 Rxa8) 29. Kf2 (29. Re1+ $11 {remains equal.} Kd7 30. Re7+ Kxd6 31. Rxf7) 29... Kd7 30. Ke3 (30. b4 $17) 30... Re8+ $19 31. Kf4 g6 32. Kg5 Re6 (32... Re2 $17 33. Bf3 Rxa2) 33. Kh6 ({White should try} 33. c5 $15) 33... Rxd6 $2 (33... Re2 $17 {stays on course.} 34. Rg1 Kxd6 35. Kxh7 Bb7) 34. Rxd6+ $16 Kxd6 35. Kxh7 $17 {KB-KB} Bb7 {Threatening ...Bc8.} 36. Kg7 {[%mdl 1024] White has strong compensation.} Ke7 37. h4 $1 a5 38. Kh6 ({White must play} 38. a4 $1 $16) 38... Kf6 39. h5 (39. Kh7 $11 {keeps the balance.}) 39... gxh5 40. Kxh5 Ke5 41. Kg5 {[#]} f6+ (41... a4 $1 $17 {[%cal Ra4a3][%mdl 512] aiming for ...a3.} 42. bxa4 Ba6) 42. Kg6 $11 Ke6 43. Kh5 $2 {[%mdl 8192] [#]} (43. a4 $11) 43... Ke5 $2 (43... f4 $1 $19 {[%mdl 512]} 44. gxf4 Kf5) 44. Kh4 $2 {[%mdl 8192]} (44. Kg6 $11) 44... f4 $19 45. Kh5 $2 (45. gxf4+ Kxf4 46. Kh5) 45... fxg3 {White must now prevent ...f5.Black is clearly winning.} 46. Kg6 (46. Kg4 $142 Kd4 47. Bf3) 46... f5 47. Kf7 f4 48. Ke7 Kd4 49. Kd7 Kc5 50. Kc7 Ba6 51. Bf3 {[#]} a4 $1 {Accuracy: White = 31%, Black = 57%.} 0-1